000 01447cam a2200337 a 4500
001 2580722
003 OSt
005 20180116192409.0
008 960805s1996 maua | b 001 0 eng
010 _a 96035511
020 _a0750622679
020 _a9780750622677
040 _aDLC
_cDLC
_dDLC
050 0 0 _aNA200
_b.F63 1996
082 0 0 _a720.9
_220
100 1 _aFletcher, Banister,
_cSir,
_d1866-1953.
_95606
240 1 0 _aHistory of architecture
245 0 0 _aSir Banister Fletcher's a history of architecture.
_cBanister Fletcher's.
250 _a20th ed. /
_bedited by Dan Cruickshank ; consultant editors, Andrew Saint, Peter Blundell Jones, Kenneth Frampton ; assistant editor, Fleur Richards.
260 _aOxford ;
_aBoston :
_bArchitectural Press,
_c1996.
300 _axxxviii, 1794 p. :
_bill. ;
_c26 cm.
504 _aIncludes bibliographical references (p. 1671-1712) and index.
650 0 _aArchitecture
_xHistory.
_95607
700 1 _aCruickshank, Dan.
_95608
856 4 2 _3Publisher description
_uhttp://www.loc.gov/catdir/description/els032/96035511.html
856 4 1 _3Table of contents
_uhttp://www.loc.gov/catdir/toc/els032/96035511.html
906 _a7
_bcbc
_corignew
_d1
_eocip
_f19
_gy-gencatlg
942 _2ddc
_cREF
999 _c353492
_d353492